| 000 | 00483nam a2200169Ia 4500 | ||
|---|---|---|---|
| 008 | 150610s9999 xx 000 0 und d | ||
| 020 | _a9780786891344 | ||
| 050 |
_aBM729 _b.F3 A44 2009 |
||
| 100 | _aAlbom, Mitch | ||
| 245 |
_aHave a little faith: _ba true story / _cMitch Albom. |
||
| 250 | _a1st ed. | ||
| 260 |
_aNew York : _bHyperion, _c2009. |
||
| 300 |
_a260. ; _c18 cm. |
||
| 520 | _aFaith (Judaism) | ||
| 650 |
_aAlbom, Mitch, 1958 _x Religion. |
||
| 650 | _xFaith. | ||
| 999 |
_c288142 _d288142 |
||